| 000 | 00790nam a2200205Ia 4500 | ||
|---|---|---|---|
| 003 | IN-BaIIA | ||
| 008 | 211028s9999 xx 000 0 eng d | ||
| 020 | _a978-1-4020-2572-3 | ||
| 040 | _cIIA Library | ||
| 080 |
_a52(082.1) _bASS-311 |
||
| 245 | 4 |
_aThe new rosetta targets _bobservations, simulations and instrument performances _cedited by Luigi Colangeli, Elena Mazzotta Epifani and Pasquale Palumbo |
|
| 260 |
_aDordrecht _bKluwer Academic _c2004 |
||
| 300 | _axi, 307p. | ||
| 490 | _aAstrophysics and space science library; v. 311 | ||
| 650 |
_aComet analysis _929619 |
||
| 650 |
_aInstrument performances observations _929620 |
||
| 700 |
_aEpifani, Elena Mazzotta, ed. _929621 |
||
| 700 |
_aPalumbo, Pasquale., ed. _929622 |
||
| 942 | _cBK | ||
| 999 |
_c16020 _d16020 |
||